000 00912nam a2200253Ia 4500
003 OSt
005 20221005111143.0
006 a|||||r|||| 00| 0
007 ta
008 221004b |||||||| |||| 00| 0 hin d
020 _c450
024 _a94009
037 _b488, 18/03/2009, Vani Prakashan
_cTextual
040 _aCRL
_cCRL
_bhin
041 _2hin
_ahin
082 _aO111,1M88:g, 152P8
100 _aबोहरा, मोहनकृष्ण
245 0 _aएलियट और हिंदी साहित्य चिंतन
246 _aEliyaṭ aur hiandī sāhitya chiantana
260 _aनई दिल्ली
_bवाणी प्रकाशन भारत
_c2008
300 _a192पृ0
_ccm.
942 _hO111,1M88:g, 152P8
_cTEXL
_2cc
999 _c1020972
_d1020972